| 000 | 00526nam a22001577a 4500 | ||
|---|---|---|---|
| 003 | OSt | ||
| 005 | 20150916105919.0 | ||
| 008 | 150916b xxu||||| |||| 00| 0 eng d | ||
| 040 | _cRUA | ||
| 082 | _aAGR KEA 2003 B029 Or.1 | ||
| 100 |
_9581 _aKEA MALEN |
||
| 245 | _aFruits market study in sihanouk ville,(ការសិក្សាទីផ្សារផលិតផលផ្លែឈើនៅក្រុងព្រះសីហនុ) | ||
| 260 |
_aphnom penh _bRUA _c2003 |
||
| 300 |
_a38p. _cill. _g29cm. |
||
| 942 |
_2ddc _cAGR |
||
| 999 |
_c558 _d558 |
||